<?xml version="1.0" encoding="UTF-8"?>
<collection xmlns="http://www.loc.gov/MARC21/slim">
 <record>
  <leader>01899nam a2200193 a 4500</leader>
  <controlfield tag="001">1/31167</controlfield>
  <controlfield tag="008">061020s2000    lu     f      00010 gre d</controlfield>
  <datafield tag="022" ind1="0" ind2=" ">
   <subfield code="a">0254-1483</subfield>
  </datafield>
  <datafield tag="028" ind1="3" ind2="1">
   <subfield code="a">KT-CO-00-712-GR-C</subfield>
  </datafield>
  <datafield tag="028" ind1="3" ind2="1">
   <subfield code="a">1997/0348 (COD)</subfield>
  </datafield>
  <datafield tag="035" ind1=" " ind2=" ">
   <subfield code="l">33469</subfield>
  </datafield>
  <datafield tag="040" ind1=" " ind2=" ">
   <subfield code="a">GR-PeUP</subfield>
  </datafield>
  <datafield tag="084" ind1=" " ind2=" ">
   <subfield code="2">KET</subfield>
   <subfield code="a">COM (2000) 744 τελικό</subfield>
  </datafield>
  <datafield tag="110" ind1="2" ind2=" ">
   <subfield code="a">Επιτροπή των Ευρωπαϊκών Κοινοτήτων.</subfield>
  </datafield>
  <datafield tag="245" ind1="1" ind2="0">
   <subfield code="a">Γνωμοδότηση της Επιτροπής σύμφωνα με το άρθρο 251, παράγραφος 2, τρίτο εδάφιο, στοιχείο γ) της συνθήκης ΕΚ, επί των τροπολογιών του Ευρωπαϊκού Κοινοβουλίου στην κοινή θέση του Συμβουλίου σχετικά με την πρόταση οδηγίας του Ευρωπαϊκού Κοινοβουλίου και του Συμβουλίου περί τροποποιήσεως της οδηγίας 92/23/ΕΟΚ για τα ελαστικά των μηχανοκίνητων οχημάτων και των ρυμουλκουμένων τους καθώς και για την τοποθέτησή τους:</subfield>
   <subfield code="b">ΕΟΚί τροποποιήσεως της πρότασης της Επιτροπής δυνάμει του άρθρου 250, παράγραφος 2 της συνθήκης ΕΚ/</subfield>
   <subfield code="c">Επιτροπή των Ευρωπαϊκών Κοινοτήτων</subfield>
  </datafield>
  <datafield tag="260" ind1="0" ind2=" ">
   <subfield code="a">Βρυξέλλες, Λουξεμβούργο:</subfield>
   <subfield code="b">Υπηρεσία Επισήμων Εκδόσεων των Ευρωπαϊκών Κοινοτήτων,</subfield>
   <subfield code="c">30.11.2000</subfield>
  </datafield>
  <datafield tag="300" ind1=" " ind2=" ">
   <subfield code="a">5 σ.</subfield>
  </datafield>
  <datafield tag="852" ind1=" " ind2=" ">
   <subfield code="a">INST</subfield>
   <subfield code="b">UNIPILB</subfield>
   <subfield code="c">KET</subfield>
   <subfield code="e">20061020</subfield>
   <subfield code="h">COM (2000) 744</subfield>
   <subfield code="p">COM (2000) 744</subfield>
   <subfield code="q">COM (2000) 744</subfield>
   <subfield code="t">NOLOAN</subfield>
   <subfield code="y">23</subfield>
   <subfield code="4">1</subfield>
  </datafield>
  <datafield tag="856" ind1="4" ind2="1">
   <subfield code="u">http://eur-lex.europa.eu/LexUriServ/LexUriServ.do?uri=COM:2000:0744:FIN:EL:PDF</subfield>
  </datafield>
 </record>
</collection>
